000
00217nam a22000857a 4500
008
160628b xxu||||| |||| 00| 0 eng d
100
_9
1262
_b
Majumdar, L
245
_a
Mother Teresa
260
_a
N.D
_b
National Book Trust
_c
1988
999
_c
1034
_d
1034